000 00741cam a2200265 4500
008 090401t1992 xxu||||| |||| 00| 0 eng d
020 _a0854065490
035 _a(Sirsi) u56272
041 _aeng
050 _a338.181
090 _a1992/77A
110 _aRoyal Institution of Chartered Surveyors
_94900
245 _aCAP reforms: details update for chartered surveyors 1992.
260 _aLondon
_bRICS
_c1992
300 _a51p. ; 30cm.
350 _a0
520 _aPublished by the Rural Practice Division. Photocopy.
650 _aCOMMON AGRICULTURAL POLICY
650 _aEUROPEAN COMMUNITY
650 _aSET-ASIDE
690 _aRURAL PRACTICE
700 _aKerr, John A.
_xEditor
942 _n0
948 _c04/03/1997
999 _c93760
_d93760